| 000 | 01152cam a2200217 4500 | ||
|---|---|---|---|
| 001 | WB@3612-464 | ||
| 008 | 041019n2004 000 0 eng u | ||
| 035 | _a(Sirsi) u127744 | ||
| 245 | _aSteep fall for houses | ||
| 260 | _c2004 | ||
| 490 |
_aRICS Press Release _v(pr093) 19 October 2004 (2) |
||
| 520 | _aHouse values are falling at their steepest rate for nine years, according to September's "RICS housing market survey: Great Britain". The decline in prices is the biggest since 1995 and is a reaction to interest rates rising over the summer period. Available properties are at the highest recorded level for almost a year, rising by 8% over the last three months to September 2004. Buyer enquiries are down for the fifth consecutive month and a downturn in sales continues, falling 14% over the past year. The full report can be accessed on the website. http://www.rics.org/RICSWEB/getpage.aspx?p=36hXJd2 jk0irKdtiN1TBbw== | ||
| 590 | _aWB | ||
| 590 | _aWB | ||
| 650 | _aHOUSE PRICE SURVEYS | ||
| 650 | _aINTEREST RATES | ||
| 650 | _aPROPERTY PRICES | ||
| 650 | _aHOUSING SURVEYS | ||
| 690 | _aHOUSING-HOUSE PRICES | ||
| 942 | _n0 | ||
| 999 |
_c118186 _d118186 |
||